[Event "Mediterranean-ch U20"]
[Site "Crete"]
[Date "2013.08.28"]
[Round "3"]
[White "Daskalakis, Georgios"]
[Black "Margaritis, Minas"]
[Result "1-0"]
[WhiteElo "1528"]
[BlackElo "1239"]
[PlyCount "115"]
[EventDate "2013.08.27"]
[EventType "swiss"]
[EventRounds "9"]
[EventCountry "GRE"]
[SourceTitle "CBM 156 Extra"]
[Source "ChessBase"]
[SourceDate "2013.10.22"]
[SourceVersion "1"]
[SourceVersionDate "2013.10.22"]
[SourceQuality "1"]

1. d4 d5 2. c4 c6 3. Nc3 Nf6 4. Nf3 e6 5. Bg5 Be7 6. e3 h6 7. Bh4 Ne4 8. Bxe7 Nxc3 9. Bxd8 Nxd1 10. Rxd1 Kxd8 11. Bd3 Nd7 12. 0-0 b6 13. Nd2 Bb7 14. e4 c5 15. dxc5 Nxc5 16. Nb3 Nxb3 17. axb3 Ke7 18. exd5 exd5 19. Rfe1+ Kf8 20. Bf5 g6 21. Bg4 dxc4 22. bxc4 Bc6 23. Rd6 Be8 24. Red1 Kg7 25. b3 Rf8 26. Bf3 Rc8 27. Bb7 Rb8 28. Bf3 Rc8 29. Kf1 f5 30. Re1 Rc7 31. Rde6 Bf7 32. Re7 Rxe7 33. Rxe7 a5 34. Rb7 Kg8 35. Rxb6 a4 36. bxa4 Bxc4+ 37. Be2 Bxe2+ 38. Kxe2 Ra8 39. Rb4 Kf7 40. Kd3 Ke6 41. Kc4 Kd6 42. Rb6+ Kc7 43. Kb5 Rg8 44. a5 h5 45. a6 g5 46. Rb7+ Kd6 47. a7 Ra8 48. Kb6 Rc8 49. Rb8 Rc6+ 50. Kb5 Rc5+ 51. Kb4 Re5 52. a8Q Re4+ 53. Kc3 Re7 54. Kd4 Re4+ 55. Kd3 Re7 56. Qa6+ Kd7 57. Rc8 f4 58. Qc6# 1-0

[Event "Mediterranean-ch U20"]
[Site "Crete"]
[Date "2013.08.27"]
[Round "1"]
[White "Anagnostopoulos, Konstantinos"]
[Black "Margaritis, Minas"]
[Result "1-0"]
[WhiteElo "2097"]
[BlackElo "1239"]
[PlyCount "47"]
[EventDate "2013.08.27"]
[EventType "swiss"]
[EventRounds "9"]
[EventCountry "GRE"]
[SourceTitle "CBM 156 Extra"]
[Source "ChessBase"]
[SourceDate "2013.10.22"]
[SourceVersion "1"]
[SourceVersionDate "2013.10.22"]
[SourceQuality "1"]

1. d4 d5 2. c4 e6 3. Nc3 Nf6 4. Nf3 Be7 5. Bg5 h6 6. Bf4 Nbd7 7. c5 0-0 8. e3 b6 9. b4 a6 10. Bd3 b5 11. a4 c6 12. axb5 cxb5 13. Nxb5 Nh5 14. Bc7 Qe8 15. Nd6 Bxd6 16. Bxd6 Nhf6 17. 0-0 Bb7 18. b5 axb5 19. Bxb5 Rxa1 20. Qxa1 Qa8 21. Bxf8 Kxf8 22. Qxa8+ Bxa8 23. Ra1 Bb7 24. Ra7 1-0